| 000 | 00723cab a2200241 4500 | ||
|---|---|---|---|
| 001 | X1663 | ||
| 008 | 090401t1991 xxu||||| |||| 00| 0 eng d | ||
| 035 | _a(Sirsi) u18519 | ||
| 041 | _aeng | ||
| 100 | _aFarrow, T | ||
| 245 | _aGetting the job done | ||
| 260 | _c1991 | ||
| 350 | _a0 | ||
| 490 |
_aChartered Quantity Surveyor _v14(2) October 1991, 14-15(2) |
||
| 520 | _aFinal article in a series on acceleration dealing with matters after acceleration is underway and the effects at completion. | ||
| 650 | _aACCELERATION | ||
| 650 | _aBUILDING PROJECTS | ||
| 650 | _aCOMPLETION | ||
| 650 | _aCONTRACT PROGRAMMES | ||
| 690 | _aBUILT ENVIRONMENT-BUILDING CONTRACT FORMS | ||
| 942 | _n0 | ||
| 948 | _c04/03/1997 | ||
| 999 |
_c12313 _d12313 |
||